| 000 | 00657nam a2200217 a 4500 | ||
|---|---|---|---|
| 999 |
_c2048 _d2048 |
||
| 001 | 2048 | ||
| 003 | BD-JhCC | ||
| 005 | 20171123180555.0 | ||
| 008 | 171028s1980 bg |||| ||a| 000 0 ben d | ||
| 035 | _a(BD-JhCC)2048 | ||
| 040 |
_aBD-JhCC _dBD-JhCC |
||
| 041 | _aben | ||
| 082 |
_a810 _bCHD 1980 |
||
| 100 | _aচৌধুরী, কবীর | ||
| 245 |
_aআধুনিক মার্কিন সাহিত্য / _cকবীর চৌধুরী |
||
| 260 |
_aঢাকা : _bসন্ধানী প্রকাশনী, _c১৯৮০. |
||
| 300 |
_a113 p. : _c9 cm. |
||
| 650 | _aAmerican Literature | ||
| 942 |
_2ddc _cBK |
||